Geografía 2 /

Guardado en:
Autor Principal: Tedesco, Sandra
Formato: Libro
Publicado: Buenos Aires : M‚todos, 1995
Etiquetas: Agregar Etiqueta
Sin Etiquetas, Sea el primero en etiquetar este registro!
LEADER 00600nam a22001815a 4500
001 CEM.cems008872
005 20060214000000.0
008 130507s1995##################000#0#####d
003 CEMS
082 0 4 |a 914 
100 1 |a Tedesco, Sandra 
245 1 0 |a Geografía 2 / 
260 |a Buenos Aires :  |b M‚todos,  |c 1995 
300 |a 258 p.1 
859 |a CEMS  |b BIB. CEMS - 11 de abril  |h 914  |i T228  |p 18393.95  |t Ej.1 
859 |a CEMS  |b BIB. CEMS - 11 de abril  |h 914  |i T228  |p 18394.95  |t Ej.2 
859 |a CEMS  |b BIB. CEMS - 11 de abril  |h 914  |i T228  |p 18395.95  |t Ej.3 
859 |a CEMS  |b BIB. CEMS - 11 de abril  |h 914  |i T228  |p 18396.95  |t Ej.4